000 00592nam a2200205Ia 4500
005 20260429112252.0
008 260429s9999||||xx |||||||||||||| ||und||
020 _a9781440871436
041 _aEnglish
082 _a362.82
_bSAL
100 _aSalari, Sonia
245 0 _aFamily violence and abuse :
_ban encyclopedia of trends, issues, and solutions, Vol. 2 (M-Z) /
_cSonia Salari
250 _a1st ed.
260 _aNew York :
_bBloomsbury Academic,
_c2024.
300 _ax, 398 p.; hb
440 _vVol. 2
650 _a United States
650 _aFamily violence
942 _cTB
999 _c53227
_d53227